MARC

Tag First Indicator Second Indicator Subfields
LEADER 00000cam a2200000 i 4500
001 in00005464310
008 230627t20232023enkab b 001 0 eng d
005 20250318223507.7
019 |a 1363101592 
020 |a 9781804512593 
020 |a 1804512591  |q hardback 
035 |a (OCoLC)on1389776044 
035 |a (OCoLC)1389776044  |z (OCoLC)1363101592 
040 |a UKMGB  |b eng  |e rda  |c UKMGB  |d YDX  |d BDX  |d OCLCF  |d UAB  |d OCLCO  |d YDX 
043 |a e-pl---  |a e-gx--- 
050 4 |a D765.2.P6  |b H86 2023 
082 0 4 |a 940.54134796  |2 23 
100 1 |a Hunt, Vincent,  |d 1963-  |e author. 
245 1 4 |a The road of slaughter :  |b the Latvian 15th SS Division in Pomerania, January-March 1945 /  |c Vincent Hunt. 
264 1 |a Warwick :  |b Helion & Company Limited,  |c 2023. 
264 4 |c ©2023 
300 |a 443 pages :  |b illustrations (black and white), maps ;  |c 25 cm 
336 |a text  |b txt  |2 rdacontent 
336 |a still image  |b sti  |2 rdacontent 
336 |a cartographic image  |b cri  |2 rdacontent 
337 |a unmediated  |b n  |2 rdamedia 
338 |a volume  |b nc  |2 rdacarrier 
504 |a Includes bibliographical references (pages 429-437) and indexes. 
610 2 0 |a Waffen-SS.  |b Waffen-Grenadier-Division-SS, 15  |x History. 
610 2 7 |a Waffen-SS.  |b Waffen-Grenadier-Division-SS, 15  |2 fast 
650 0 |a World War, 1939-1945  |x Campaigns  |z Pomerania (Poland and Germany) 
650 0 |a World War, 1939-1945  |v Personal narratives, Latvian. 
650 6 |a Guerre mondiale, 1939-1945  |x Campagnes et batailles  |z Poméranie (Pologne et Allemagne) 
650 7 |a Military campaigns  |2 fast 
651 7 |a Europe  |z Pomerania  |2 fast 
647 7 |a World War  |d (1939-1945)  |2 fast 
648 7 |a 1939-1945  |2 fast 
655 7 |a History  |2 fast 
655 7 |a Personal narratives  |v Latvian  |2 fast 
655 7 |a Personal narratives.  |2 lcgft 
655 7 |a Récits personnels.  |2 rvmgf 
852 8 |b pda,print  |z This title is available for the library to purchase for your use. Click the "Purchase It For Me" button to place a request. This item may take 5-10 business days to arrive. 
955 |a Print PDA title 
961 |m 565730 
999 f f |s 9fa005ca-3399-49ea-80dd-ed36119d0102  |i a2dbdf35-32be-46f0-8fdf-f19ae23e7112  |t 0 
952 f f |a Texas A&M University  |b College Station  |c Sterling C. Evans Library  |d Purchase on Demand  |t 0  |e D765.2.P6 H86 2023  |h Library of Congress classification 
998 f f |a D765.2.P6 H86 2023  |t 0  |l Purchase on Demand